|
|
|
|
| LEADER |
00000nam0a2200000 4500 |
| 001 |
160086 |
| 005 |
20231101222148.0 |
| 035 |
|
|
|a (RuTPU)RU\TPU\book\173606
|
| 035 |
|
|
|a RU\TPU\book\80562
|
| 090 |
|
|
|a 160086
|
| 100 |
|
|
|a 20050329d2008 m y0rusy50 ca
|
| 101 |
0 |
|
|a rus
|
| 102 |
|
|
|a RU
|
| 105 |
|
|
|a y j 001zy
|
| 200 |
1 |
|
|a Банковское дело
|e учебное пособие
|f Н. С. Мациевский
|g Томский политехнический университет (ТПУ), Институт дистанционного образования
|
| 205 |
|
|
|a 2-е изд., стер.
|
| 210 |
|
|
|a Томск
|c Изд-во ТПУ
|d 2008
|
| 215 |
|
|
|a 111 с.
|
| 320 |
|
|
|a Библиогр.: с. 110.
|
| 330 |
|
|
|a В учебном пособии приводится организация банковско-кредитной системы РФ, роль и назначение Центрального банка, коммерческих банков и парабанковской системы страны. Изложена денежно-кредитная политика ЦБ, формирование банковских ресурсов, собственных и привлечённых средств банка, организация безналичных расчётов и кассовая работа банков. Показано, как посредством денежного мультипликатора коммерческие банки увеличивают денежную массу, которая обслуживает экономику государства. Описываются кредитные операции коммерческих банков и виды кредитов, выдаваемых банками, валютные и банковские операции с пластиковыми карточками. Кратко изложены трастовые операции и ликвидность коммерческих банков. Пособие подготовлено на кафедре маркетинга и антикризисного управления ТПУ и предлагается студентам специальностей 080109 «Бухгалтерский учет, анализ и аудит», 080103 «Национальная экономика», 080111 «Маркетинг», 010502 «Прикладная информатика в экономике», 080507 «Менеджмент организации» Института дистанционного образования.
|
| 606 |
1 |
|
|a Банковское дело
|2 stltpush
|3 (RuTPU)RU\TPU\subj\35903
|9 84550
|
| 610 |
1 |
|
|a экономика
|
| 610 |
1 |
|
|a финансы
|
| 610 |
1 |
|
|a банки
|
| 610 |
1 |
|
|a банковская система
|
| 610 |
1 |
|
|a кредитная система
|
| 610 |
1 |
|
|a Российская Федерация
|
| 610 |
1 |
|
|a Центральный банк
|
| 610 |
1 |
|
|a коммерческие банки
|
| 610 |
1 |
|
|a прибыль
|
| 610 |
1 |
|
|a банковские операции
|
| 610 |
1 |
|
|a пассивы
|
| 610 |
1 |
|
|a депозиты
|
| 610 |
1 |
|
|a безналичные расчеты
|
| 610 |
1 |
|
|a кредитные операции
|
| 610 |
1 |
|
|a валютные операции
|
| 610 |
1 |
|
|a пластиковые карты
|
| 610 |
1 |
|
|a ликвидность
|
| 610 |
1 |
|
|a трастовые операции
|
| 610 |
1 |
|
|a учебные пособия
|
| 686 |
|
|
|a У9(2)262.10я73
|v LBC/SL-A
|2 rubbk
|
| 700 |
|
1 |
|a Мациевский
|b Н. С.
|c российский экономист
|c доцент Томского политехнического университета
|f 1950-
|g Николай Станиславович
|2 stltpush
|3 (RuTPU)RU\TPU\pers\27136
|
| 712 |
0 |
2 |
|a Томский политехнический университет (ТПУ)
|b Институт дистанционного образования (ИДО)
|2 stltpush
|3 (RuTPU)RU\TPU\col\12625
|
| 801 |
|
1 |
|a RU
|b 63413507
|c 20090518
|g PSBO
|
| 801 |
|
2 |
|a RU
|b 63413507
|c 20220422
|g PSBO
|
| 942 |
|
|
|c BK
|